Statystyki dla Kraje najbliższe Gabonowi

Kliknij tutaj aby rozwiązać quiz!

Ogólne statystyki

  • Ten quiz został rozwiązany 90 razy
  • Średni wynik to 14 z 20

Statystyki odpowiedzi

kmkraj% Poprawnych
158Dem Rep Konga
91%
1184Niger
87%
418Nigeria
87%
637Czad
86%
118Angola
85%
0Kongo
85%
0Gwinea Równikowa
83%
0Kamerun
83%
1044Togo
78%
969Benin
74%
1091Ghana
69%
1396Sudan
69%
1463Namibia
68%
232Republika
Środkowoafrykańska
67%
1314Sudan Południowy
63%
1435Zambia
62%
1429Burkina Faso
56%
1442Côte d'Ivoire
54%
237Wyspy Świętego
Tomasza i Książęca
53%
1604Rwanda
49%

Rozkład punktacji

Percentyl według liczby udzielonych odpowiedzi

Procent ludzi z każdym wynikiem

Twoja historia wyników

Nie rozwiązałeś tego quizu